| 000 | 00661nam a2200205Ia 4500 | ||
|---|---|---|---|
| 003 | GCL | ||
| 008 | 140319s9999 xx 000 0 ara d | ||
| 040 |
_aGCL / _cGCL |
||
| 082 | 0 | 4 |
_a320.54 _bم ج |
| 100 | 1 | _aمحمد عمارة | |
| 245 | 1 | 0 |
_aالجامعة الاسلامية والفكرة القومية نموذج مصطفى كامل / _cمحمد عمارة |
| 300 | _a175 ص | ||
| 490 |
_aكتاب _v0 |
||
| 650 | 0 | 4 | _aالاسلام والاصلاح السياسى |
| 650 | 0 | 4 | _aالقومية العربية |
| 650 | 0 | 4 | _aالسياسيون المصريون |
| 650 | 0 | 4 | _aمصطفى كامل |
| 650 | 0 | 4 | _aمصر - تراجم |
| 942 |
_2ddc _cBK |
||
| 999 |
_c41722 _d41722 |
||